000 01220cam a22002894a 4500
001 755
005 20230908140120.0
020 _a9780778722762 (rlb)
020 _a9780778723103
040 _aDLC
_cDLC
_dDLC
_beng
050 0 0 _aGB662.K35418
082 0 0 _a551.48
_222
100 1 _aKalman, Bobbie.
245 1 4 _aThe water cycle /
_cBobbie Kalman & Rebecca Sjonger.
260 _aNew York :
_bCrabtree Publishing Company,
_c2006
300 _a32 pages :
_bcolor illustrations ;
_c25 cm
500 _aIncludes index.
505 _aR
520 _aAll life on Earth depends on the water cycle! This fascinating book this introduces children to this important cycle using a clear, step-by step approach. Kids will learn how evaporation, condensation, precipitation, and run-off work together to move water from the ground to the air and then back down again. Full-color diagrams and beautiful images help make the water cycle come alive for kids.
521 _a710
_bLexile
521 _aR
_bRaz-Plus
650 0 _aWater
_vNon-fiction.
650 0 _aHydrologic cycle
_vNon-fiction.
700 1 _aSjonger, Rebecca
906 _a7
_bcbc
_corignew
_d1
_eecip
_f20
_gy-gencatlg
942 _2ddc
_cBK
_n0
999 _c755
_d755